Louane - Albums par images - Statistiques

Statistiques générales
  • Ce quiz a été pris 61 fois
    54 depuis la dernière actualisation
  • Le résultat moyen est 4 sur 5
Statistiques - réponses
Par images Réponse % Correct
Chambre 12
93%
Louane
83%
Joie de vivre
80%
Sentiments
80%
Solo
75%
Aucun quiz correspondant
Distribution des résultats
% des personnes avec chaque résultat
Percentile par nombre de réponses
Votre historique - résultats
Vous n’avez pas pris ce quiz depuis la dernière actualisation